01234nam a2200229 a 450000100100000000500170001000800410002704000250006808200150009310000480010824501210015626000350027730000360031250000770034850400280042570000460045395201280049995201280062795201130075595201190086899900170098700004572920201002052418.0150508s2015 dr ac 000 0 spa d aDO-SdBNPbspacBNPHU axxxxbxxxx1 aSantana Morel, Julio César,d1954-97378610aBosch, en diálogos imaginarios y otros asuntos /cJulio César Santana Morel ; prólogo Eugenio García Cuevas. aSanto Domingo :bs. n.,c2015. a144 p. :bil., retrs. ;c22 cm. aIncluye datos biográficos del autor en la solapa de la contracubierta. aBibliografía : p. 14412aGarcía Cuevas, Eugenio,epról.910813 001054708DSaGRbGRcCTd2015-05-08iLF1l0oxxxx xxxxp45729-40r2020-06-25te. 3w2020-06-25yLFDSZPréstamo en sala 001154708DSaGRbGRcMId2015-05-08iLF1l0oxxxx xxxxp45729-50r2020-06-25te. 4w2020-06-25yLFDSZPréstamo en sala 0010718PDaPDbPDcCTd2015-05-08iLF1l0oxxxx xxxxp45729-20r2020-06-25w2020-06-25yLFPDZNo se presta 0010718PDaPDbPDcCTd2015-05-08iLF1l0oxxxx xxxxp45729-30r2020-06-25te. 2w2020-06-25yLFPDZNo se presta c45218d45218